Video Games Based On Titles of Songs - Statistics

General Stats
  • This quiz has been taken 111 times
  • The average score is 4 of 7
Answer Stats
Song Video Game % Correct
Megalovania Undertale
93%
Lavender Town Pokémon
83%
Gusty Garden Galaxy Super Mario Galaxy
64%
Dire Dire Docks Super Mario 64
45%
Calamari Inkantation Splatoon 2
37%
Floral Fury Cuphead
29%
Finish the Fight Halo 3
15%
No matching quizzes found
Score Distribution
Percent of People with Each Score
Percentile by Number Answered
Your Score History
You have not taken this quiz